|
|
|
|
| LEADER |
00768cas#a2200241#a#4500 |
| 001 |
015466 |
| 005 |
20160923115105.0 |
| 008 |
991118c1990####ag####p#############spa#d |
| 022 |
|
|
|a 0327-3849
|
| 040 |
|
|
|a AR-beUNQ
|
| 099 |
|
|
|a P-AR-SEG2 [En Depósito C105]
|
| 110 |
2 |
|
|a Sociedad Argentina de Radioprotección
|
| 245 |
0 |
0 |
|a Seguridad radiológica
|c Sociedad Argentina de Radioprotección.
|
| 260 |
|
|
|a Buenos Aires :
|b Sociedad Argentina de Radioprotección,
|
| 300 |
|
|
|a v.
|
| 310 |
|
|
|a Trimestral
|
| 650 |
|
7 |
|a INFORMACION CIENTIFICA
|2 Spines
|
| 650 |
|
7 |
|a INFORMES TECNICOS
|2 Spines
|
| 650 |
|
7 |
|a SEGURIDAD
|2 Spines
|
| 651 |
|
7 |
|a Argentina
|2 Spines
|
| 866 |
0 |
|
|a 1990 (1-2); 1991 (4-6); 1992 (7,9-10); 1995 (8,11-12); 1996 (13)
|
| 929 |
|
|
|j 20629
|
| 999 |
|
|
|c 26118
|d 108924
|